Toward the year 2000

Uloženo v:
Podrobná bibliografie
Hlavní autor: Karen, Ruth
Médium: Kniha
Jazyk:Undetermined
Vydáno: New York William Morrow and Company 1985
Témata:
Tagy: Přidat tag
Žádné tagy, Buďte první, kdo otaguje tento záznam!
Thư viện lưu trữ: Trung tâm Học liệu Trường Đại học Cần Thơ
LEADER 00508nam a2200193Ia 4500
001 CTU_87757
008 210402s9999 xx 000 0 und d
082 |a 330.12 
082 |b K18 
100 |a Karen, Ruth 
245 0 |a Toward the year 2000 
245 0 |c Ruth Karen 
260 |a New York 
260 |b William Morrow and Company 
260 |c 1985 
650 |a free enterprise,businesspeople 
650 |x Interviews 
904 |i Tuyến 
980 |a Trung tâm Học liệu Trường Đại học Cần Thơ